| 000 | 00761nam a22002172 4500 | ||
|---|---|---|---|
| 001 | 0000006292 | ||
| 005 | 20151217152016.0 | ||
| 008 | 071012s xx 000 0 eng d | ||
| 020 |
_a8126503335 : _cKES 2632 |
||
| 040 |
_aKABU _cKABU |
||
| 100 | 1 |
_aFigallo, Cliff. _@0000157703 |
|
| 245 | 1 | 0 |
_aBuilding the knowledge management network : _bbest practices, tools, and techniques for putting conversation to work / _cCliff Figallo, Nancy Rhine. |
| 260 |
_aNew Delhi : _bWiley Dreamtech, _c2002. |
||
| 300 | _axx, 348 p. | ||
| 650 | 0 |
_aKnowledge management. _@0000150510 |
|
| 650 | 0 |
_aCommunication and technology. _@0000157704 |
|
| 700 | 1 |
_aRhine, Nancy. _@0000157705 |
|
| 908 | _a071012 | ||
| 950 | _@1 | ||
| 999 |
_c7259 _d7259 |
||